| 000 | 00648nam a2200217Ii 4500 | ||
|---|---|---|---|
| 003 | JO-AjNU | ||
| 008 | 230606s9999||||xx |||||||||||||| ||und|| | ||
| 020 | _a978-0-13-815762-3/0-13-815762-6 | ||
| 040 |
_aJO-AjNU _beng _erda _cJO-AjNU |
||
| 041 | _aeng | ||
| 050 | 1 | 4 | _aT58.5.J47.2010 |
| 100 | 3 |
_aValacich,joe/Schneider,Christooh, _eauthor _9591 |
|
| 245 | 0 | 0 | _ainformation Sestems Today Managing in the Digital World |
| 250 | _a4 ed | ||
| 264 | 3 | 1 | _aNew Jersy:pearson,2007 |
| 300 | _a624p | ||
| 336 |
_atext _btxt _2rdacontent |
||
| 337 |
_aunmediated _bn _2rdamedia |
||
| 338 |
_avolume _bnc _2rdacarrier |
||
| 650 | 4 |
_ainformation systems _9592 |
|
| 999 |
_aE312 _c312 _d312 |
||